[Event "only the better players 2nd edition"]
[Site "SchemingMind.com"]
[Date "2021.03.08"]
[Round "-"]
[White "frankly"]
[Black "Till Plewe"]
[Result "1/2-1/2"]
[WhiteCountry "ENG"]
[BlackCountry "JPN"]
[WhiteElo "2564"]
[WhiteRD "72"]
[BlackElo "2565"]
[BlackRD "80"]
[GameID "709215"]

1. d4 Nf6 2. c4 g6 3. Nc3 d5 4. cxd5 Nxd5 5. e4 Nxc3 6. bxc3 Bg7 7. Nf3 c5 8. Rb1 O-O 9. Be2 cxd4 10. cxd4 Qa5+
11. Bd2 Qxa2 12. O-O Bg4 13. Be3 Nc6 14. d5 Na5 15. Bg5 Qa3 16. Re1 Bxf3 17. gxf3 Rac8 18. Bf1 Bc3 19. Re3 Nc4 20. Bxc4 Rxc4
21. Kg2 b6 22. Rb3 Qc5 23. Rbxc3 Rxc3 24. Rxc3 Qxc3 25. Bxe7 Rb8 26. d6 Qe5 27. Qa4 f6 28. h4 Qe6 29. Qxa7 Re8 30. Qxb6 Rxe7
31. dxe7 Qxe7 32. Qd4 Kg7 33. Kg3 Qe6 34. Qa7+ Kg8 35. Qc7 h5 36. Kg2 Kh8 37. Kh2 Kg8 38. Kg3=
1/2-1/2

[Event "only the better players 2nd edition"]
[Site "SchemingMind.com"]
[Date "2021.03.07"]
[Round "-"]
[White "Till Plewe"]
[Black "Giraldo Menendez Rodriguez"]
[Result "1/2-1/2"]
[WhiteCountry "JPN"]
[BlackCountry "CUB"]
[WhiteElo "2565"]
[WhiteRD "80"]
[BlackElo "2583"]
[BlackRD "72"]
[GameID "709218"]

1. e4 c5 2. Nf3 d6 3. Bb5+ Bd7 4. Bxd7+ Qxd7 5. c4 Nc6 6. Nc3 Nf6 7. d4 cxd4 8. Nxd4 g6 9. f3 Bg7 10. Be3 O-O
11. O-O a6 12. Qd3 Ne5 13. Qe2 Rac8 14. b3 b5 15. Nd5 Nxd5 16. cxd5 e6 17. dxe6 fxe6 18. Rad1 Nc6 19. Qd2 Rfd8 20. Ne2 d5
21. Bb6 Re8 22. exd5 exd5 23. Ng3 d4 24. Ne4 h6 25. Bc5 Re6 26. Ba3 Qd5 27. Rc1 g5 28. h3 Rd8 29. Rc5 Qd7 30. Bb2 Bf8
31. Rcc1 Bb4 32. Qf2 Rf8 33. a3 Rxe4 34. axb4 Re6 35. h4 Rfe8 36. hxg5 Re2 37. Qg3 h5 38. Ba1 d3 39. Qh4 d2 40. Qxh5 dxc1=Q
41. Qh8+=
1/2-1/2

[Event "only the better players 2nd edition"]
[Site "SchemingMind.com"]
[Date "2021.03.07"]
[Round "-"]
[White "Giraldo Menendez Rodriguez"]
[Black "Till Plewe"]
[Result "1/2-1/2"]
[WhiteCountry "CUB"]
[BlackCountry "JPN"]
[WhiteElo "2566"]
[WhiteRD "72"]
[BlackElo "2562"]
[BlackRD "85"]
[GameID "709219"]

1. Nf3 c5 2. c4 g6 3. e4 Nc6 4. d4 cxd4 5. Nxd4 Nf6 6. Nc3 d6 7. Be2 Nxd4 8. Qxd4 Bg7 9. Be3 O-O 10. Qd2 a5
11. O-O a4 12. Bd4 Qa5 13. Rad1 Bd7 14. Qe3 Bc6 15. Nd5 Bxd5 16. exd5 Rfe8 17. Qa3 Nd7 18. h3 Bxd4 19. Rxd4 Qc5 20. Qc3 Qa5
21. Qc1 Rac8 22. Bg4 Rc7 23. Bxd7 Rxd7 24. Re4 Rc7 25. Qh6 e5 26. dxe6 Rxe6 27. Rxe6 fxe6 28. Qe3 Qe5 29. Qa7 Rxc4 30. Qa8+ Kg7
31. Qxb7+ Kh6 32. Qa8 Qf4 33. b3 axb3 34. g3 Qf5 35. axb3 Rb4 36. Qa3=
1/2-1/2

[Event "only the better players 2nd edition"]
[Site "SchemingMind.com"]
[Date "2021.03.12"]
[Round "-"]
[White "Till Plewe"]
[Black "Matthew Bailey"]
[Result "1/2-1/2"]
[WhiteCountry "JPN"]
[BlackCountry "ENG"]
[WhiteElo "2565"]
[WhiteRD "80"]
[BlackElo "2578"]
[BlackRD "68"]
[GameID "709220"]

1. e4 c6 2. d4 d5 3. e5 c5 4. dxc5 e6 5. a3 Bxc5 6. Qg4 Ne7 7. Nf3 O-O 8. Bd3 Ng6 9. O-O Nc6 10. Qh5 Bd7
11. Nbd2 Be8 12. b4 Be7 13. Nb3 Qc7 14. Bd2 h6 15. Rae1 f5 16. Qh3 Ncxe5 17. Nxe5 Nxe5 18. Bf4 Bd6 19. Qg3 Nf3+ 20. Qxf3 Bxf4
21. Nc5 e5 22. Qxd5+ Bf7 23. Qxb7 Qxb7 24. Nxb7 e4 25. Ba6 Rac8 26. Nc5 Rcd8 27. Rd1 Bd2 28. Bd3 e3 29. fxe3 Bxe3+ 30. Kh1 f4
31. Nb7 Rd4 32. c3 Rd5 33. Be2 Rxd1 34. Rxd1 Bb3 35. Rd7 Rf7 36. Rd8+ Rf8 37. Rd7=
1/2-1/2

[Event "only the better players 2nd edition"]
[Site "SchemingMind.com"]
[Date "2021.03.12"]
[Round "-"]
[White "Matthew Bailey"]
[Black "Till Plewe"]
[Result "1/2-1/2"]
[WhiteCountry "ENG"]
[BlackCountry "JPN"]
[WhiteElo "2583"]
[WhiteRD "68"]
[BlackElo "2565"]
[BlackRD "72"]
[GameID "709221"]

1. e4 c5 2. Nf3 e6 3. d4 cxd4 4. Nxd4 Nc6 5. Nc3 Qc7 6. Be3 a6 7. Qf3 Nf6 8. O-O-O Ne5 9. Qg3 b5 10. f4 Neg4
11. Bg1 h5 12. Bd3 Bb7 13. e5 b4 14. Na4 Nd5 15. h3 Nh6 16. f5 Be7 17. Kb1 h4 18. Qe1 Nf4 19. Nb6 Rd8 20. Nc4 Nxd3
21. cxd3 Bd5 22. Rc1 Bxc4 23. Rxc4 Qa5 24. fxe6 fxe6 25. Bf2 Qd5 26. Qe3 O-O 27. Nf3 b3 28. axb3 Rb8 29. Qe4 Qxe4 30. dxe4 Rxb3
31. Rc7 Rfb8 32. Bd4 R3b7 33. Rhc1 Nf7 34. Rc8+ Rxc8 35. Rxc8+ Kh7 36. Re8 Bd8 37. Bc3 Kg6 38. Ka2 Rb5 39. Ka3 Bc7 40. Nxh4+ Kh5
41. Nf3 Nxe5 42. Rg8 Kg6=
1/2-1/2

[Event "only the better players 2nd edition"]
[Site "SchemingMind.com"]
[Date "2021.03.07"]
[Round "-"]
[White "Till Plewe"]
[Black "Servelión Graterol Hernández"]
[Result "1/2-1/2"]
[WhiteCountry "JPN"]
[BlackCountry "VEN"]
[WhiteElo "2565"]
[WhiteRD "72"]
[BlackElo "2610"]
[BlackRD "69"]
[GameID "709222"]

1. e4 c5 2. Nf3 d6 3. Bb5+ Bd7 4. Bxd7+ Qxd7 5. c4 Nc6 6. Nc3 Nf6 7. d4 cxd4 8. Nxd4 g6 9. f3 Bg7 10. Be3 O-O
11. O-O a6 12. Qd3 Ne5 13. Qe2 Rac8 14. b3 b5 15. Nd5 Nxd5 16. cxd5 e6 17. dxe6 fxe6 18. Rad1 Nc6 19. Qd2 Rfd8 20. Rc1 d5
21. Nxc6 Rxc6 22. Rxc6 Qxc6 23. Rc1 Qd6 24. Bf4 Qb6+ 25. Be3 Qd6 26. Bf4=
1/2-1/2

[Event "only the better players 2nd edition"]
[Site "SchemingMind.com"]
[Date "2021.03.07"]
[Round "-"]
[White "Servelión Graterol Hernández"]
[Black "Till Plewe"]
[Result "1/2-1/2"]
[WhiteCountry "VEN"]
[BlackCountry "JPN"]
[WhiteElo "2610"]
[WhiteRD "69"]
[BlackElo "2565"]
[BlackRD "72"]
[GameID "709223"]

1. Nf3 c5 2. c4 g6 3. d4 cxd4 4. Nxd4 Nf6 5. Nc3 d5 6. Nf3 Be6 7. Nd4 Bc8 8. Nf3 Be6 9. e3 Nc6 10. Ng5 Bg7
11. Nxe6 fxe6 12. cxd5 exd5 13. g3 e5 14. Bh3 Qd6 15. O-O O-O 16. Bd2 Rad8 17. Qb3 Kh8 18. Bg2 Na5 19. Qc2 Nc4 20. Rad1 Qa6
21. a4 Nxd2 22. Rxd2 d4 23. exd4 exd4 24. Nb5 d3 25. Rxd3 Rxd3 26. Qxd3 Qxa4 27. Nc7 Qb4 28. Qc2 a5 29. Bh3=
1/2-1/2

[Event "only the better players 2nd edition"]
[Site "SchemingMind.com"]
[Date "2021.04.12"]
[Round "-"]
[White "Apocalypse"]
[Black "AussieMossie"]
[Result "0-1"]
[WhiteCountry "USA"]
[BlackCountry "AUS"]
[WhiteElo "2395"]
[WhiteRD "86"]
[BlackElo "2636"]
[BlackRD "77"]
[GameID "710384"]

1. d4 Nf6 2. Bg5 d5 3. Nc3 Nbd7 4. e3 e6 5. a3 c5 6. Bb5 Be7 7. Nf3 O-O 8. O-O h6 9. Bxd7 Bxd7 10. Bh4 Be8
11. Re1 Rc8 12. h3 g5 13. Bg3 Ne4 14. Nxe4 dxe4 15. Nh2 f6 16. Nf1 cxd4 17. exd4 f5 18. Be5 Bf6 19. Bxf6 Qxf6 20. c3 Rc7
21. Qb3 Rg7 22. d5 g4 23. hxg4 Rxg4 24. dxe6 Bc6 25. Rad1 Kh7 26. Rd7+ Bxd7 27. exd7 Rd8 28. Rd1 f4
0-1

[Event "only the better players 2nd edition"]
[Site "SchemingMind.com"]
[Date "2021.04.12"]
[Round "-"]
[White "AussieMossie"]
[Black "Apocalypse"]
[Result "1-0"]
[WhiteCountry "AUS"]
[BlackCountry "USA"]
[WhiteElo "2636"]
[WhiteRD "77"]
[BlackElo "2395"]
[BlackRD "86"]
[GameID "710385"]

1. e4 Nf6 2. e5 Nd5 3. d4 d6 4. c4 Nb6 5. f4 dxe5 6. fxe5 Bf5 7. Nc3 e6 8. Nf3 Be7 9. Be3 Nc6 10. Be2 O-O
11. O-O Qd7 12. Qd2 f6 13. exf6 Bxf6 14. Rad1 Rad8 15. Bf2 Bg4 16. Ne4 Bxf3 17. Nxf6+ Rxf6 18. Bxf3 Rxf3 19. gxf3 Nxc4 20. Qe2 Qd5
21. Rfe1 Re8 22. Qe4 Re7 23. Bh4 Rd7 24. b3 Nb6 25. Qxd5 Nxd5 26. Rxe6 Kf8 27. Ree1 Nc3 28. Rd3 Nd5 29. Rd2
1-0

[Event "only the better players 2nd edition"]
[Site "SchemingMind.com"]
[Date "2021.04.08"]
[Round "-"]
[White "Jari Laine"]
[Black "AussieMossie"]
[Result "1/2-1/2"]
[WhiteCountry "FIN"]
[BlackCountry "AUS"]
[WhiteElo "2518"]
[WhiteRD "77"]
[BlackElo "2614"]
[BlackRD "81"]
[GameID "710388"]

1. d4 d5 2. c4 c6 3. cxd5 cxd5 4. Bf4 Nc6 5. e3 Nf6 6. Nc3 Bf5 7. Qb3 Na5 8. Qa4+ Bd7 9. Qc2 e6 10. Nf3 Rc8
11. Bd3 Bb4 12. a3 Bxc3+ 13. bxc3 Ne4 14. Bxe4 dxe4 15. Qxe4 Bb5 16. Qe5 Qd5 17. Qxg7 Qc4 18. Qxh8+ Ke7 19. Bg5+ Kd6 20. Bf4+ Ke7
21. Bg5+=
1/2-1/2

[Event "only the better players 2nd edition"]
[Site "SchemingMind.com"]
[Date "2021.04.08"]
[Round "-"]
[White "AussieMossie"]
[Black "Jari Laine"]
[Result "1/2-1/2"]
[WhiteCountry "AUS"]
[BlackCountry "FIN"]
[WhiteElo "2624"]
[WhiteRD "76"]
[BlackElo "2523"]
[BlackRD "78"]
[GameID "710389"]

1. e4 c6 2. d4 d5 3. e5 Bf5 4. Nf3 e6 5. Be2 c5 6. Be3 cxd4 7. Nxd4 Ne7 8. O-O Nbc6 9. Bb5 a6 10. Bxc6+ bxc6
11. c4 Qd7 12. Nc3 dxc4 13. Na4 Nd5 14. Nxf5 exf5 15. Bd2 Be7 16. Rc1 O-O 17. Rxc4 Rfe8 18. Re1 Bf8 19. Nc5 Bxc5 20. Rxc5 Rab8
21. b3 Rb5 22. Qc2 Ne7 23. Rc4 Rd5 24. Bc1 Rd8 25. h3 Qe6 26. f4 h6 27. Be3 R8d7 28. Ra4 a5 29. Rc4 Rd8 30. Qe2 Kh7
31. Kh2 Rd3 32. Qc2 g5 33. Bc1 g4 34. Re3 Rxe3 35. Bxe3 gxh3 36. gxh3 Nd5 37. Bf2 Nb4 38. Qe2 Rg8 39. Qf3 Rd8 40. a3 Nd5
41. Be1 Rg8 42. Bh4 Qg6 43. Bf2 Rb8 44. Bc5 Qe6 45. a4 Rg8 46. Rc1 Ne7 47. Bxe7 Qxe7 48. Rxc6 Qa7 49. Rc1 Qd4 50. Rd1 Qb2+
51. Kh1 Kh8 52. Rf1 Kh7 53. Qd5 Qe2 54. Qf3 Qb2 55. Rg1 Rxg1+ 56. Kxg1 Qd4+ 57. Kg2 Qd2+ 58. Kf1 Kh8 59. Qa8+ Kh7 60. Qf3 Qc1+
61. Ke2=
1/2-1/2

[Event "only the better players 2nd edition"]
[Site "SchemingMind.com"]
[Date "2021.04.07"]
[Round "-"]
[White "AussieMossie"]
[Black "Till Plewe"]
[Result "1/2-1/2"]
[WhiteCountry "AUS"]
[BlackCountry "JPN"]
[WhiteElo "2634"]
[WhiteRD "79"]
[BlackElo "2568"]
[BlackRD "76"]
[GameID "710390"]

1. Nf3 c5 2. c4 Nc6 3. Nc3 g6 4. e3 Nf6 5. d4 cxd4 6. exd4 d5 7. cxd5 Nxd5 8. Qb3 Nxc3 9. Bc4 Nd5 10. Bxd5 e6
11. Bxc6+ bxc6 12. O-O Qd5 13. Qc2 f6 14. Re1 Kf7 15. Bd2 Be7 16. b4 Ba6 17. Re3 Rhd8 18. Rae1 Bc4 19. Rc3 Bb5 20. Rce3 Bc4
21. Rxe6 Qxe6 22. Rxe6 Bxe6 23. h4 Rab8 24. a3 a5 25. bxa5 Bd5 26. a4 h5 27. a6 Ra8 28. Ne1 Rxa6 29. a5 Bd6 30. g4 hxg4
31. Ng2 Rda8 32. h5 gxh5 33. Qh7+ Ke6 34. Qxh5 Ke7 35. Qh7+ Kd8 36. Ne3 Bf3 37. Nc4 R6a7 38. Qf5 Ke7 39. Ne5 Bxe5 40. dxe5 fxe5
41. Qxe5+ Kd7 42. Kh2 Kc8 43. Kg3 Kb7 44. Qb2+ Kc8 45. Qh8+ Kb7 46. Qb2+=
1/2-1/2

[Event "only the better players 2nd edition"]
[Site "SchemingMind.com"]
[Date "2021.04.07"]
[Round "-"]
[White "Till Plewe"]
[Black "AussieMossie"]
[Result "1/2-1/2"]
[WhiteCountry "JPN"]
[BlackCountry "AUS"]
[WhiteElo "2565"]
[WhiteRD "80"]
[BlackElo "2624"]
[BlackRD "76"]
[GameID "710391"]

1. e4 e5 2. Nf3 Nc6 3. d4 exd4 4. Nxd4 Nf6 5. Nxc6 bxc6 6. e5 Qe7 7. Qe2 Nd5 8. h4 Qe6 9. Nd2 a5 10. g3 Nb4
11. Nf3 Ba6 12. c4 d5 13. Nd4 Qe7 14. a3 Bxc4 15. Qe3 c5 16. Bxc4 cxd4 17. Qf3 Qc5 18. Bb3 Nc2+ 19. Bxc2 Qxc2 20. O-O Bc5
21. Qxd5 O-O 22. Bf4 Bb6 23. e6 fxe6 24. Qxe6+ Kh8 25. Rae1 Rad8 26. h5 Qf5 27. h6 Qxe6 28. Rxe6 Rfe8 29. Rxe8+ Rxe8 30. Rc1 gxh6
31. Bxc7 d3 32. Bf4 Re2 33. Rd1 Rxf2 34. Kh1 Kg8 35. b4 h5 36. Rxd3=
1/2-1/2

[Event "only the better players 2nd edition"]
[Site "SchemingMind.com"]
[Date "2021.04.08"]
[Round "-"]
[White "AussieMossie"]
[Black "frankly"]
[Result "1/2-1/2"]
[WhiteCountry "AUS"]
[BlackCountry "ENG"]
[WhiteElo "2614"]
[WhiteRD "81"]
[BlackElo "2585"]
[BlackRD "70"]
[GameID "710392"]

1. Nf3 d5 2. d4 Nf6 3. c4 e6 4. Nc3 c6 5. e3 Nbd7 6. Qc2 Bd6 7. Bd3 O-O 8. O-O dxc4 9. Bxc4 b5 10. Bd3 Bb7
11. a3 a5 12. e4 e5 13. dxe5 Nxe5 14. Nxe5 Bxe5 15. h3 Ba6 16. Rb1 Re8 17. Rd1 Qe7 18. b4 axb4 19. axb4 c5 20. bxc5 Qxc5
21. Nxb5 Qxc2 22. Bxc2 Rac8 23. Na3 Be2 24. Rd2 Ba6 25. f3 h6 26. Ba4 Re6 27. Bb2 Bf4 28. Rdd1 Rb6 29. Bd4 Rxb1 30. Rxb1 Nh5
31. Bb5 Bxb5 32. Nxb5 Ng3 33. Bf2 h5 34. Nd4 h4 35. Bxg3 hxg3 36. Ne2 g5 37. Kf1 Be5 38. Rc1 Ra8 39. Ke1 Kg7 40. Kd2=
1/2-1/2

[Event "only the better players 2nd edition"]
[Site "SchemingMind.com"]
[Date "2021.04.08"]
[Round "-"]
[White "frankly"]
[Black "AussieMossie"]
[Result "1/2-1/2"]
[WhiteCountry "ENG"]
[BlackCountry "AUS"]
[WhiteElo "2585"]
[WhiteRD "70"]
[BlackElo "2614"]
[BlackRD "81"]
[GameID "710393"]

1. d4 Nf6 2. c4 c6 3. Nf3 d5 4. Nc3 e6 5. Bg5 h6 6. Bh4 dxc4 7. e4 g5 8. Bg3 b5 9. Be2 Bb7 10. h4 g4
11. Ne5 Nbd7 12. Nxd7 Qxd7 13. Be5 Qe7 14. O-O Rg8 15. b3 Bg7 16. Qc2 Nh5 17. Bxg7 Rxg7 18. g3 Qd6 19. e5 Qxd4 20. Ne4 Qxe5
21. Rad1 Kf8 22. Rfe1 c5 23. Bxc4 bxc4 24. Nd6 Qf6 25. Nxb7 Qf3 26. Qe4 Qxe4 27. Rxe4 cxb3 28. axb3 Nf6 29. Ra4 Nd5 30. Rda1 f5
31. Nxc5 Re7 32. Ra6 Kf7 33. Rd6 Nc3 34. Rda6 Nb5 35. R1a5 Nd4 36. Kf1 Nf3 37. Ke2 Kf6 38. b4 Rb8 39. Ra4 Rb6 40. Rxa7 Rxb4
41. Rxe7 Rb2+ 42. Ke3 Kxe7 43. Ra6 e5 44. Rxh6 Rc2 45. Nd3 Rc4 46. Ke2 Rc2+ 47. Ke3 Rc3 48. Ke2 f4 49. gxf4 e4 50. Ne1 Rc1
51. Ng2 Rg1 52. Ke3 Rxg2 53. f5=
1/2-1/2

[Event "only the better players 2nd edition"]
[Site "SchemingMind.com"]
[Date "2021.04.07"]
[Round "-"]
[White "AussieMossie"]
[Black "Giraldo Menendez Rodriguez"]
[Result "1/2-1/2"]
[WhiteCountry "AUS"]
[BlackCountry "CUB"]
[WhiteElo "2618"]
[WhiteRD "81"]
[BlackElo "2588"]
[BlackRD "74"]
[GameID "710396"]

1. e4 c5 2. Nf3 Nc6 3. d4 cxd4 4. Nxd4 Nf6 5. Nc3 e5 6. Ndb5 d6 7. Bg5 a6 8. Na3 b5 9. Nd5 Be7 10. Bxf6 Bxf6
11. c3 Bg5 12. Nc2 Rb8 13. a3 O-O 14. h4 Bh6 15. g4 Bf4 16. Qf3 Be6 17. Nxf4 exf4 18. Qxf4 a5 19. Be2 b4 20. axb4 axb4
21. Nd4 Ne5 22. g5 bxc3 23. bxc3 Qc8 24. Qg3 Qb7 25. Qe3 Bc4 26. O-O Bxe2 27. Qxe2 Qc8 28. Nf5 Qxc3 29. Qe3 Qxe3 30. fxe3 g6
31. Nxd6 Rfd8=
1/2-1/2

[Event "only the better players 2nd edition"]
[Site "SchemingMind.com"]
[Date "2021.04.07"]
[Round "-"]
[White "Giraldo Menendez Rodriguez"]
[Black "AussieMossie"]
[Result "1/2-1/2"]
[WhiteCountry "CUB"]
[BlackCountry "AUS"]
[WhiteElo "2588"]
[WhiteRD "74"]
[BlackElo "2618"]
[BlackRD "81"]
[GameID "710397"]

1. Nf3 Nf6 2. d4 d5 3. c4 e6 4. Nc3 c6 5. Bg5 h6 6. Bh4 dxc4 7. e4 g5 8. Bg3 b5 9. h4 g4 10. Ne5 Nbd7
11. Be2 Nxe5 12. Bxe5 Rg8 13. O-O Bb7 14. g3 a6 15. Re1 Bb4 16. Qc2 Nh5 17. a3 Ba5 18. Qd2 Rg6 19. Rad1 f6 20. Bxg4 Rxg4
21. Qxh6 Ke7 22. Qxh5 Qg8 23. f3 Rxg3+ 24. Bxg3 Qxg3+ 25. Kf1 Rg8 26. Rd2 Qg1+ 27. Ke2 Rg2+ 28. Kd1 Rxd2+ 29. Kxd2 Qf2+ 30. Re2 Qxd4+
31. Ke1 Qg1+ 32. Kd2=
1/2-1/2

[Event "only the better players 2nd edition"]
[Site "SchemingMind.com"]
[Date "2021.04.12"]
[Round "-"]
[White "AussieMossie"]
[Black "Matthew Bailey"]
[Result "1-0"]
[WhiteCountry "AUS"]
[BlackCountry "ENG"]
[WhiteElo "2618"]
[WhiteRD "81"]
[BlackElo "2538"]
[BlackRD "70"]
[GameID "710398"]

1. e4 c5 2. Nf3 d6 3. d4 cxd4 4. Nxd4 Nf6 5. Nc3 g6 6. Be3 Bg7 7. f3 O-O 8. Qd2 Nc6 9. O-O-O d5 10. exd5 Nxd5
11. Nxc6 bxc6 12. Bd4 e5 13. Bc5 Be6 14. Ne4 Re8 15. h4 h6 16. h5 g5 17. g4 Qc7 18. Bc4 Red8 19. Qf2 f5 20. gxf5 Bxf5
21. Rd2 Kh8 22. Rhd1 Bh7 23. b4 a6 24. a4 Qf7 25. Bb3 Rd7 26. Kb2 Rad8 27. Rd3 Bf5 28. Qe1 Be6 29. a5 Nc7 30. Rxd7 Rxd7
31. Bxe6 Nxe6 32. Rxd7 Qxd7 33. Qg1 Qd5 34. Qg4 Qc4 35. Ka3 Nxc5 36. bxc5 Qxc2 37. Qc8+ Kh7 38. Qxc6 g4 39. fxg4 Bf8 40. Qd5 Kh8
41. g5 Qc1+ 42. Kb3 Qb1+ 43. Kc3 hxg5 44. Kd2 g4 45. Qxe5+
1-0

[Event "only the better players 2nd edition"]
[Site "SchemingMind.com"]
[Date "2021.04.12"]
[Round "-"]
[White "Matthew Bailey"]
[Black "AussieMossie"]
[Result "1/2-1/2"]
[WhiteCountry "ENG"]
[BlackCountry "AUS"]
[WhiteElo "2538"]
[WhiteRD "70"]
[BlackElo "2618"]
[BlackRD "81"]
[GameID "710399"]

1. e4 e5 2. Nf3 Nc6 3. Bb5 Nf6 4. O-O Nxe4 5. d4 Nd6 6. Bxc6 dxc6 7. dxe5 Nf5 8. Qxd8+ Kxd8 9. Nc3 Bd7 10. Rd1 Kc8
11. Ng5 Be8 12. b3 a5 13. Bb2 b6 14. Nge4 Kb7 15. f3 Be7 16. Rd3 h5 17. a4 h4 18. Kf2 Rd8 19. Rad1 Kc8 20. R1d2 Rxd3
21. Rxd3 Bd8 22. Ne2 c5 23. c4 Bc6 24. N4c3 Bd7=
1/2-1/2

[Event "only the better players 2nd edition"]
[Site "SchemingMind.com"]
[Date "2021.04.08"]
[Round "-"]
[White "AussieMossie"]
[Black "Servelión Graterol Hernández"]
[Result "1/2-1/2"]
[WhiteCountry "AUS"]
[BlackCountry "VEN"]
[WhiteElo "2602"]
[WhiteRD "78"]
[BlackElo "2568"]
[BlackRD "67"]
[GameID "710400"]

1. e4 c5 2. Nf3 d6 3. d4 cxd4 4. Nxd4 Nf6 5. Nc3 a6 6. Bg5 e6 7. f4 Qb6 8. Qd2 Qxb2 9. Rb1 Qa3 10. f5 Nc6
11. fxe6 fxe6 12. Nxc6 bxc6 13. Be2 Be7 14. O-O O-O 15. Rb3 Qc5+ 16. Be3 Qe5 17. Bf4 Qc5+ 18. Kh1 Ng4 19. h3 e5 20. Na4 Qa7
21. Bc4+ Kh8 22. hxg4 exf4 23. Nb6 d5 24. exd5 cxd5 25. Bxd5 Rb8 26. Nxc8 Rbxc8 27. Be4 Bg5 28. Rh3 h6 29. Qd6 Rf6 30. Qe5 Qc5
31. Bd5 f3 32. Rfxf3 Rxf3 33. Rxf3 Qxc2 34. Kh2 Qg6 35. Be4 Bf6 36. Qf4 Qg5 37. Qxg5=
1/2-1/2

[Event "only the better players 2nd edition"]
[Site "SchemingMind.com"]
[Date "2021.04.07"]
[Round "-"]
[White "Servelión Graterol Hernández"]
[Black "AussieMossie"]
[Result "1/2-1/2"]
[WhiteCountry "VEN"]
[BlackCountry "AUS"]
[WhiteElo "2605"]
[WhiteRD "70"]
[BlackElo "2624"]
[BlackRD "76"]
[GameID "710401"]

1. d4 Nf6 2. Bg5 d5 3. Nd2 c5 4. e3 Nc6 5. c3 cxd4 6. exd4 h6 7. Bf4 Bf5 8. Qb3 Qc8 9. Ngf3 e6 10. h3 Be7
11. Be2 O-O 12. O-O Bd8 13. Ne1 Bc7 14. Bxc7 Qxc7 15. Bd3 Ne7 16. Bxf5 Nxf5 17. Nd3 a5 18. a3 Rfc8 19. Rfe1 Qd8 20. Qd1 Nd6
21. Rc1 Rc7 22. g3 Rac8 23. Kg2 b6 24. Rc2 Nf5 25. Rc1=
1/2-1/2